00334nam a2200121Ia 4500008004100000041000800041082001500049100002100064245004400085260003900129300003300168365001100201240624s9999 xx 000 0 und d aeng a302.35 GRE aGREENBERG JERALD aBEHAVIOR IN ORGANIZATIONS UNDERSTANDING c2005aNew DelhibPearson Education axxviii, : 691 : p. : cm ; 28 cRSb33